| 000 | 01067nam a22002055i 4500 | ||
|---|---|---|---|
| 001 | 165389 | ||
| 003 | ES-MaACL | ||
| 005 | 20230906213128.0 | ||
| 008 | 030214s1844 fr af |||| | fre d | ||
| 040 |
_aCCPB | B _bspa _cCCPB | B |
||
| 100 | 1 |
_aSimms, Frederick W. _9132753 |
|
| 245 | 1 | 0 |
_aConstruction des tunnels de Bleckingley et de Saltwood / _cSimms ; ouvrage traduit de l'anglais avec des notes et des additions par Eugène Santin. |
| 260 |
_aParis : _blibrairie scientifique-industrielle de L. Mathias, _c1844 ( _ftyp. de Cosson) |
||
| 300 |
_aXXIV, 167 p., 10 h. de grab. pleg. ; _c22 cm. |
||
| 650 | 4 |
_aTúneles- _xDiseño y construcción. _9136964 |
|
| 700 | 1 | 1 |
_aSantin, Eugène, _etrad. _9132445 |
| 752 |
_aFrancia - _dParís |
||
| 852 |
_aES-MaACL _jG-11872 _z-- Enc. hol. conservando la cub. original _z-- En este ejemplar en la última cifra de la fecha del pie de imp. se han impreso un 4 y un 5 superpuestos, por lo que no sabemos si la ed. será de 1844 ó de 1845 (fecha que consta en el pie de imp. de la cub. original) |
||
| 999 |
_c165389 _d165389 |
||